000 00274nam a2200097Ia 4500
001 1300833
005 20260420095911.0
008 260420s9999 xx 000 0 und d
245 0 _aGELECEĞİ GÖRME ORTAKLIĞI
_cTOLGA GÜMÜŞAY
260 _bGÜNIŞIĞI KİTAPLIĞI YAYINLARI
999 _c1300833
_d1300833